000 01182cam a2200361 a 4500
003 CHAP
005 20220329142108.0
008 990618d1995 mx a r 00110 spa d
010 _a78342
011 _a79314
020 _a9686843973
035 _a89528
040 _cCHAP
082 0 4 _a396
_bR3
100 0 0 _aRamírez Carrillo, Luis.
_993915
245 1 0 _aGénero y cambio social en Yucatán
_c/por Luis Ramírez Carrillo
260 _aMérida, Yuc. :
_bUniversidad Autónoma de Yucatán,
_c1995.
300 _a304 p. :
_bilus.
410 2 1 _aUAY
490 0 _aTratados y Memorias de Investigación UCS
_v; 2
590 _aBATCH-UPD
_b10
_c20130110
_lUCH01
_h0603
590 _aBATCH-UPD
_b10
_c20130410
_lUCH01
_h0245
590 _aBATCH-UPD
_b10
_c20130914
_lUCH01
_h1308
590 _aCONVERSION
_b10
_c20130109
_lUCH01
_h1343
650 1 4 _aEnfoque de género.
_936945
650 1 4 _aMujer
_xSituación social
_zYucatán.
_979348
810 0 0 _aUAY
_9115991
830 0 0 _aTratados y Memorias de Investigación UCS
_v; 2
_9114697
901 _aBK
905 _aBlanca M. García O.
942 _cLIBRO
949 _a396 R3
_bBC
_cLIBRO
_d33724000726741
_eLIBRO
_gC/E
_h95787
_i89528
_sb
999 _c78342
_d78342